00336nam a2200133Ia 4500008004100000100001300041245006700054250001200121260001500133300000800148650002400156942000700180999001500187190216s9999||||xx |||||||||||||| ||und|| aSvehla.G 0aTextbook Of Macro And Semimicro Qualitative Inorganic Analysis a5th Ed. bNullc1985 a605 aChemistry-Chemistry cBK c2591d2591